Представление документа в формате RUSMARC

ПолеНазваниеЗначение
  Тип записи a
  Библиографический уровень a
001 Контрольный номер RU/CBS_UL/BASE/8ca10911396c4de8b39bcb37dc49cc76
005 Дата корректировки 20231211111815.5
100 Данные общей обработки __
a Данные общей обработки 20231211 ||| 0rusy0189 ca
101 Язык документа 0_
a Язык текста rus
102 Страна публикации __
a Страна публикации RU
200 Заглавие и сведения об ответственности 1_
a Заглавие Волшебные превращения Щелкунчика
e Сведения, относящиеся к заглавию [об образе Щелкунчика в литературе и искусстве]
f Первые сведения об ответственности К. Васильева
300 Общие примечания __
a Общие примечания 6+
461 Уровень набора _0
1 2000
a Эскиз
463 Уровень физической единицы _0
1 2000
a № 6
v С. 9-14 : фот., ил.
1 2101
d 2023
1 001RU/CBS_UL/BASE/44086c17734a4d0f8f1fd715049a0ef2
600 Персоналии _1
a Персоналии (Фамилия) Чайковский
b Персоналии (Имя, инициалы) П.И.
600 Персоналии _1
a Персоналии (Фамилия) Гофман
b Персоналии (Имя, инициалы) Э.Т.А.
606 Тематические рубрики 0_
a Основная рубрика Литературные герои
610 Ключевые слова 0_
a Ключевые слова литературные герои
610 Ключевые слова 0_
a Ключевые слова литературные герои в искусстве
610 Ключевые слова 0_
a Ключевые слова литературные переходы
610 Ключевые слова 0_
a Ключевые слова сказочные персонажи
610 Ключевые слова 0_
a Ключевые слова Щелкунчик (литературные герои)
610 Ключевые слова 0_
a Ключевые слова Щелкунчик (балет)
610 Ключевые слова 0_
a Ключевые слова Щелкунчик и Мышиный король (сказки)
610 Ключевые слова 0_
a Ключевые слова Щелкунчик и Крысиный король (мультфильмы)
686 Индексы других классификаций __
2 Код системы rubbk
a Классификационный индекс 83.3(4Гем)
700 Автор _1
a Фамилия Васильева
b Имя (инициалы) К.
801 Источник записи _0
a Страна RU
b Организация МБУК ЦБС г. Ульяновска
c Дата составления 20231211
g Правила каталогизации RCR
801 Источник записи _1
a Страна RU
b Организация МБУК ЦБС г. Ульяновска
c Дата составления 20231211
g Правила каталогизации RCR
901 Тип документа __
t Тип документа b
w Контрольный № источника RU/CBS_UL/BASE/44086c17734a4d0f8f1fd715049a0ef2